000 00487nam a2200169Ia 4500
005 20250508153753.0
008 008 250505s9999 xx 000 0 hin d
037 _aBooks to be hide in OPAC
040 _aFEDL
_beng
_cFEDL
041 _ahin
_2eng
084 _a379.5435, UTT/O
_qFEDL
245 0 _aShiksha Vibhag, Uttar Pradesh ki varshik vyakhya (31 March, 1951)
260 _c1952
300 _a133p.
942 _cHB
_h379.5435, UTT/O
999 _c1345374
_d1345374